[Event "OP-2011-0-01685"]
[Site "LSS email"]
[Date "2011.07.28"]
[Round "?"]
[White "Petrov, Hristo"]
[Black "Vontina, Maria"]
[Result "0-1"]
[WhiteElo "1127"]
[BlackElo "738"]
[PlyCount "40"]
[EventDate "2011.07.25"]
[EventType "tourn (corr)"]
[EventRounds "4"]
[EventCountry "GER"]
[SourceTitle "Telechess CBM 151"]
[Source "ChessBase"]
[SourceDate "2012.11.13"]
[SourceVersion "1"]
[SourceVersionDate "2012.11.13"]
[SourceQuality "1"]

1. c4 Nf6 2. Nc3 e6 3. Nf3 Be7 4. e3 0-0 5. d4 b6 6. Bd3 Bb7 7. 0-0 d6 8. b3 c5 9. e4 cxd4 10. Nxd4 Nc6 11. Nxc6 Bxc6 12. Bb2 Rc8 13. Qf3 h6 14. Qg3 Qc7 15. Rfe1 Qb7 16. Nd5 exd5 17. exd5 Be8 18. Qf4 Rd8 19. Bxf6 Bxf6 20. Qf5 g6 0-1

[Event "LSS No Engine Cup 47 Preliminary 1"]
[Site "LSS email"]
[Date "2011.07.25"]
[Round "?"]
[White "Petrov, Hristo"]
[Black "Brough, Carl"]
[Result "0-1"]
[WhiteElo "1207"]
[BlackElo "852"]
[PlyCount "30"]
[EventDate "2011.07.26"]
[EventType "tourn (corr)"]
[EventRounds "6"]
[EventCountry "GER"]
[SourceTitle "Corr 2015"]
[Source "ChessBase"]
[SourceDate "2015.07.17"]
[SourceVersion "1"]
[SourceVersionDate "2015.07.17"]
[SourceQuality "1"]

1. b3 e5 2. Bb2 Nc6 3. e3 a6 4. c4 Bb4 5. a3 Be7 6. Nc3 d6 7. g3 Nf6 8. Bg2 0-0 9. Nge2 Be6 10. 0-0 Qd7 11. d4 Bh3 12. f4 exf4 13. Bxh3 Qxh3 14. Nxf4 Qh6 15. Ncd5 Ne4 0-1

[Event "LSS No Engine Cup 47 Preliminary 1"]
[Site "LSS email"]
[Date "2011.07.25"]
[Round "?"]
[White "Schalkwijk, Peter H"]
[Black "Petrov, Hristo"]
[Result "1-0"]
[WhiteElo "1403"]
[BlackElo "1207"]
[PlyCount "23"]
[EventDate "2011.07.26"]
[EventType "tourn (corr)"]
[EventRounds "6"]
[EventCountry "GER"]
[SourceTitle "Corr 2015"]
[Source "ChessBase"]
[SourceDate "2015.07.17"]
[SourceVersion "1"]
[SourceVersionDate "2015.07.17"]
[SourceQuality "1"]

1. d4 e6 2. c4 b6 3. Nf3 Bb7 4. Nc3 Nf6 5. a3 d5 6. Qc2 Be7 7. cxd5 exd5 8. Bf4 Nbd7 9. e3 0-0 10. Bd3 c5 11. b3 Re8 12. Ne5 1-0

[Event "OP-2011-0-01478"]
[Site "LSS email"]
[Date "2011.04.06"]
[Round "?"]
[White "Petrov, Hristo"]
[Black "Simik, Frantisek"]
[Result "1-0"]
[WhiteElo "1267"]
[BlackElo "836"]
[PlyCount "45"]
[EventDate "2011.04.02"]
[EventType "tourn (corr)"]
[EventRounds "4"]
[EventCountry "GER"]
[SourceTitle "Telechess CBM 145"]
[Source "Chessbase"]
[SourceDate "2011.11.11"]
[SourceVersion "1"]
[SourceVersionDate "2011.11.11"]
[SourceQuality "1"]

1. c4 Nf6 2. g3 d5 3. Bg2 c6 4. d4 dxc4 5. Nf3 b5 6. a4 Bb7 7. Ne5 a6 8. Nc3 Nd5 9. axb5 axb5 10. Rxa8 Bxa8 11. 0-0 e6 12. e4 Nxc3 13. bxc3 Bd6 14. Qg4 Bxe5 15. dxe5 Rg8 16. Rd1 Qc7 17. Qh5 h6 18. f4 Qa5 19. f5 exf5 20. Qxf5 Bb7 21. e6 Rf8 22. e7 Rg8 23. Rd8+ 1-0

[Event "OP-2011-0-01431"]
[Site "LSS email"]
[Date "2011.03.06"]
[Round "?"]
[White "Petrov, Hristo"]
[Black "Broniek, Mariusz Maciej"]
[Result "0-1"]
[WhiteElo "1268"]
[BlackElo "1498"]
[PlyCount "34"]
[EventDate "2011.03.01"]
[EventType "tourn (corr)"]
[EventRounds "4"]
[EventCountry "GER"]
[SourceTitle "Corr 2013"]
[Source "ChessBase"]
[SourceDate "2012.11.12"]
[SourceVersion "1"]
[SourceVersionDate "2012.11.12"]
[SourceQuality "1"]

1. e4 c5 2. Nf3 d6 3. d4 cxd4 4. Nxd4 Nf6 5. Nc3 a6 6. Be3 e6 7. g4 e5 8. Nf5 g6 9. Bg2 gxf5 10. exf5 h5 11. h3 d5 12. Nxd5 Nxd5 13. Bxd5 hxg4 14. Bxf7+ Kxf7 15. Qxg4 Qd6 16. Qc4+ Kf6 17. Qxc8 Qd5 0-1

[Event "OP-2011-0-01431"]
[Site "LSS email"]
[Date "2011.03.06"]
[Round "?"]
[White "Petrov, Hristo"]
[Black "Dixon, Grant"]
[Result "1-0"]
[WhiteElo "1268"]
[BlackElo "412"]
[PlyCount "33"]
[EventDate "2011.03.01"]
[EventType "tourn (corr)"]
[EventRounds "4"]
[EventCountry "GER"]
[SourceTitle "Corr 2015"]
[Source "ChessBase"]
[SourceDate "2015.07.17"]
[SourceVersion "1"]
[SourceVersionDate "2015.07.17"]
[SourceQuality "1"]

1. c3 e5 2. c4 Bc5 3. Nc3 Nf6 4. e3 Nc6 5. Nf3 b6 6. d4 exd4 7. exd4 Qe7+ 8. Be2 Bb4 9. 0-0 Ba5 10. Re1 Ne4 11. Bd3 0-0 12. Bxe4 Bb7 13. Bxh7+ Kxh7 14. Ng5+ Kg8 15. Rxe7 Nxe7 16. Qh5 Ng6 17. Qh7# 1-0

[Event "ZL-2011-0-00864"]
[Site "LSS email"]
[Date "2011.02.21"]
[Round "?"]
[White "Petrov, Hristo"]
[Black "Razumov, Aleksandr Nikolaevi"]
[Result "0-1"]
[WhiteElo "1267"]
[BlackElo "1475"]
[PlyCount "46"]
[EventDate "2011.02.13"]
[EventType "match (corr)"]
[EventRounds "2"]
[EventCountry "GER"]
[SourceTitle "Telechess CBM 145"]
[Source "Chessbase"]
[SourceDate "2011.11.11"]
[SourceVersion "1"]
[SourceVersionDate "2011.11.11"]
[SourceQuality "1"]

1. c3 e5 2. c4 Nf6 3. d3 Bc5 4. Nc3 0-0 5. Nf3 Nc6 6. g3 d6 7. Bg2 h6 8. 0-0 a5 9. a3 Be6 10. Bd2 Qd7 11. Na4 Bh3 12. Nxc5 dxc5 13. Bc3 Rfe8 14. e3 Rad8 15. Qb3 b6 16. Rad1 Qe6 17. e4 Bg4 18. Rd2 Rd6 19. Nh4 Qc8 20. f4 exf4 21. gxf4 Nd4 22. Bxd4 Rxd4 23. Qc2 Qd8 0-1

[Event "SE-2011-0-00066"]
[Site "LSS email"]
[Date "2011.02.15"]
[Round "?"]
[White "Petrov, Hristo"]
[Black "Molano Lafuente, Ismael"]
[Result "1/2-1/2"]
[WhiteElo "1127"]
[BlackElo "1283"]
[PlyCount "37"]
[EventDate "2011.01.15"]
[EventType "tourn (corr)"]
[EventRounds "6"]
[EventCountry "GER"]
[SourceTitle "Telechess CBM 151"]
[Source "ChessBase"]
[SourceDate "2012.11.13"]
[SourceVersion "1"]
[SourceVersionDate "2012.11.13"]
[SourceQuality "1"]

1. d4 Nf6 2. Bg5 e6 3. e4 c5 4. d5 d6 5. Nc3 e5 6. Bb5+ Bd7 7. Bxd7+ Nbxd7 8. Bxf6 Nxf6 9. Nf3 Be7 10. Nd2 Qd7 11. a4 b6 12. Qe2 0-0 13. h3 a6 14. 0-0 Rfb8 15. Nc4 Bd8 16. Na3 Bc7 17. Kh2 Bd8 18. g3 Bc7 19. Kg2 1/2-1/2

[Event "OP-2011-0-01391"]
[Site "LSS email"]
[Date "2011.01.31"]
[Round "?"]
[White "Petrov, Hristo"]
[Black "Molano Lafuente, Ismael"]
[Result "1-0"]
[WhiteElo "1271"]
[BlackElo "1306"]
[PlyCount "59"]
[EventDate "2011.01.27"]
[EventType "tourn (corr)"]
[EventRounds "4"]
[EventCountry "GER"]
[SourceTitle "Telechess CBM 147"]
[Source "ChessBase"]
[SourceDate "2012.03.16"]
[SourceVersion "1"]
[SourceVersionDate "2012.03.16"]
[SourceQuality "1"]

1. c3 b6 2. c4 Bb7 3. Nc3 e6 4. d4 f5 5. Nf3 Nf6 6. g3 Bb4 7. Bg2 0-0 8. 0-0 Bxc3 9. bxc3 Ne4 10. Ng5 Nxc3 11. Qc2 Bxg2 12. Kxg2 Ne4 13. Nxe4 fxe4 14. Qxe4 Nc6 15. Ba3 Re8 16. d5 exd5 17. Qxd5+ Kh8 18. Rae1 Re5 19. Qd3 Ra5 20. e4 Ne5 21. Qb3 Qg8 22. Bb4 Ra6 23. Rc1 Qe6 24. Rfe1 Re8 25. h3 Qc6 26. f4 Ng6 27. Kh2 Rxe4 28. Rxe4 Qxe4 29. Re1 Qa8 30. f5 1-0

[Event "LSS SE-2010-0-00058"]
[Site "LSS email"]
[Date "2010.12.12"]
[Round "?"]
[White "Petrov, Hristo"]
[Black "Molano Lafuente, Ismael"]
[Result "1/2-1/2"]
[WhiteElo "1267"]
[BlackElo "1354"]
[PlyCount "21"]
[EventDate "2010.09.27"]
[EventType "tourn (corr)"]
[EventRounds "6"]
[EventCountry "GER"]
[SourceTitle "Corr 2013"]
[Source "ChessBase"]
[SourceDate "2012.11.12"]
[SourceVersion "1"]
[SourceVersionDate "2012.11.12"]
[SourceQuality "1"]
[WhiteTeam "US of America"]
[BlackTeam "US of America"]
[WhiteTeamCountry "USA"]
[BlackTeamCountry "USA"]

1. c4 e5 2. Nc3 Nc6 3. g3 f5 4. Bg2 Nf6 5. e3 Bc5 6. d3 0-0 7. Nge2 d6 8. 0-0 a5 9. d4 Ba7 10. Rb1 Ne7 11. a3 1/2-1/2

[Event "LSS SE-2010-0-00055"]
[Site "LSS email"]
[Date "2010.10.07"]
[Round "?"]
[White "Molano Lafuente, Ismael"]
[Black "Petrov, Hristo"]
[Result "1/2-1/2"]
[WhiteElo "1236"]
[BlackElo "1200"]
[PlyCount "48"]
[EventDate "2010.07.21"]
[EventType "tourn (corr)"]
[EventRounds "6"]
[EventCountry "GER"]
[SourceTitle "Telechess CBM 143"]
[Source "ChessBase"]
[SourceDate "2011.07.15"]
[SourceVersion "1"]
[SourceVersionDate "2011.07.15"]
[SourceQuality "1"]

1. b3 d5 2. Bb2 c5 3. e3 Nc6 4. f4 Nf6 5. Nf3 g6 6. Bb5 Bg7 7. Ne5 0-0 8. Bxc6 bxc6 9. Nxc6 Qc7 10. Ne5 Ng4 11. Nd3 Bxb2 12. Nxb2 d4 13. Qf3 dxe3 14. dxe3 Nf6 15. 0-0 Bb7 16. Qe2 Rfd8 17. Nc4 Ne4 18. f5 Ba6 19. Nba3 Rd5 20. fxg6 hxg6 21. Qg4 Nc3 22. e4 Rh5 23. e5 Bb7 24. h3 Bd5 1/2-1/2

[Event "LSS SE-2010-0-00055"]
[Site "LSS email"]
[Date "2010.10.07"]
[Round "?"]
[White "Petrov, Hristo"]
[Black "Weimer, Dennis"]
[Result "1-0"]
[WhiteElo "1209"]
[BlackElo "1178"]
[PlyCount "51"]
[EventDate "2010.07.21"]
[EventType "tourn (corr)"]
[EventRounds "6"]
[EventCountry "GER"]
[SourceTitle "Telechess CBM 147"]
[Source "ChessBase"]
[SourceDate "2012.03.16"]
[SourceVersion "1"]
[SourceVersionDate "2012.03.16"]
[SourceQuality "1"]

1. e4 d6 2. d4 Nf6 3. Nc3 g6 4. f3 c6 5. Be3 Bg7 6. Qd2 0-0 7. 0-0-0 b5 8. Bh6 a5 9. h4 b4 10. Nce2 Bxh6 11. Qxh6 a4 12. h5 Qa5 13. hxg6 fxg6 14. Nf4 Kf7 15. Ngh3 Ke8 16. Ng5 b3 17. cxb3 axb3 18. a3 Ng4 19. fxg4 Rxf4 20. Nxh7 Rf2 21. Qxg6+ Kd8 22. Ng5 Rxb2 23. Qg8+ Kc7 24. Kxb2 Qxa3+ 25. Kc3 b2+ 26. Kc2 1-0

[Event "LSS SE-2010-0-00055"]
[Site "LSS email"]
[Date "2010.10.07"]
[Round "?"]
[White "Petrov, Hristo"]
[Black "Zwaneveld, Ansel"]
[Result "1-0"]
[WhiteElo "1200"]
[BlackElo "1252"]
[PlyCount "43"]
[EventDate "2010.07.21"]
[EventType "tourn (corr)"]
[EventRounds "6"]
[EventCountry "GER"]
[SourceTitle "Telechess CBM 143"]
[Source "ChessBase"]
[SourceDate "2011.07.15"]
[SourceVersion "1"]
[SourceVersionDate "2011.07.15"]
[SourceQuality "1"]

1. e4 Nf6 2. e5 Nd5 3. c4 Nb6 4. d4 d6 5. exd6 exd6 6. Nc3 Be7 7. Bd3 Nc6 8. Nge2 Bf6 9. Be3 Bg4 10. h3 Bh5 11. 0-0 0-0 12. Qd2 Qd7 13. Ne4 Be7 14. Nf4 Bg6 15. Rac1 Bxe4 16. Bxe4 Rad8 17. Qc2 f5 18. Bd5+ Nxd5 19. cxd5 Nb4 20. Qb3 c5 21. dxc5 Na6 22. c6 1-0